Diseños para el cambio : modelos socioculturales /
সংরক্ষণ করুন:
| প্রধান লেখক: | |
|---|---|
| বিন্যাস: | অজ্ঞাত |
| ভাষা: | Spanish |
| প্রকাশিত: |
Venezuela:
Nueva sociedad,
1987
|
| সংস্করন: | 1 edición |
| বিষয়গুলি: | |
| ট্যাগগুলো: |
ট্যাগ যুক্ত করুন
কোনো ট্যাগ নেই, প্রথমজন হিসাবে ট্যাগ করুন!
|
MARC
| LEADER | 000000000a22000000004500 | ||
|---|---|---|---|
| 001 | 001056 | ||
| 008 | 170622s1987 ve a|||| |||| 00| 0 spa d | ||
| 020 | |a 9806110080 | ||
| 041 | 0 | |a Español | |
| 082 | |a 330.98 |b D611d | ||
| 100 | 1 | |a Martner García, Gonzalo Daniel | |
| 245 | 1 | 0 | |a Diseños para el cambio : |b modelos socioculturales / |c Gonzalo Daniel Martner García |
| 250 | |a 1 edición | ||
| 260 | |a Venezuela: |b Nueva sociedad, |c 1987 | ||
| 300 | |a 308 páginas: |b ilustraciones | ||
| 500 | |a Número de inscripción 13574 | ||
| 650 | 1 | 4 | |a AMERICA LATINA |x CONDICIONES ECONÓMICAS |x CONDICIONES SOCIALES |
| 650 | 4 | |a CRISIS ECONÓMICA | |
| 942 | |2 ddc |c BK | ||
| 999 | |c 2174 |d 2174 | ||



